000 00672nam a2200217 a 4500
001 19648
003 CO-ViMGA
008 141112s2004 ck r 000 u spa d
020 _a8480196726
040 _aCO-ViMGA
_bspa
_cCO-ViMGA
082 0 4 _a792.8 S152b
100 1 _aSanchez Rodrígue, Jose
_928421
245 1 0 _aBailes del mundo :
_buna propuesta de bailes populares para Educación Primaria
260 _aBarcelona :
_bEditorial Paidotribo; 2002
300 _a59 p. + CD Rom
590 _aForma de adquisición : Premio Mincultura
650 1 4 _aCOREOGRAFIA
_928422
650 1 4 _aDANZA - ENSEÑANZA
_928423
650 1 4 _aDANZAS POPULARES
_928424
942 _2ddc
_cBK
999 _c28784
_d28784